[Event "PRO League KO Stage 2020"]
[Site "chess.com INT"]
[Date "2020.09.27"]
[Round "4.1"]
[Board "1"]
[White "Sadhwani, Raunak"]
[Black "Caruana, Fabiano"]
[Result "0-1"]
[WhiteTitle "IM"]
[BlackTitle "GM"]
[WhiteElo "2545"]
[BlackElo "2842"]
[WhiteTeam "Armenia Eagles"]
[BlackTeam "Saint Louis Arch Bishops"]
[WhiteFideId "35093487"]
[BlackFideId "2020009"]
[EventDate "2020.03.02"]

1. e4 c5 2. Nf3 Nc6 3. d4 cxd4 4. Nxd4 e6 5. Nc3 Qc7 6. g3 a6 7. Bg2 Nf6 8. O-O
Bc5 9. Nxc6 dxc6 10. Bg5 h5 11. Qf3 Ng4 12. h3 Ne5 13. Qe2 b5 14. Kh1 Bb7 15. f4
f6 16. Bh4 Ng6 17. e5 Nxh4 18. gxh4 f5 19. Rad1 g6 20. Qe1 Be7 21. Qg3 Kf7 22.
Ne2 c5 23. Ng1 Rad8 24. Nf3 Bxf3 25. Bxf3 c4 26. Rg1 Rhg8 27. Kh2 b4 28. Be2 Bc5
29. Rg2 Rxd1 30. Bxd1 Qd8 31. Be2 Be7 32. Bxc4 Bxh4 33. Qb3 Qb6 34. Rd2 Rd8 35.
Rxd8 Qf2+ 36. Kh1 Bxd8 37. Bxe6+ Kg7 38. Qxb4 Qf3+ 39. Kg1 Bh4 40. Qd4 Qg3+ 41.
Kf1 Qe1+ 42. Kg2 Qe2+ 43. Kg1 Bg3 44. Bb3 Qh2+ 45. Kf1 Qxh3+ 46. Ke2 Qg2+ 47.
Kd3 Qf1+ 48. Kd2 Be1+ 49. Kc1 Bf2+ 50. Qd1 Be3+ 0-1

[Event "PRO League KO Stage 2020"]
[Site "chess.com INT"]
[Date "2020.09.27"]
[Round "4.1"]
[Board "2"]
[White "Petrosian, Tigran L."]
[Black "Dominguez Perez, Leinier"]
[Result "1-0"]
[WhiteTitle "GM"]
[BlackTitle "GM"]
[WhiteElo "2601"]
[BlackElo "2758"]
[WhiteTeam "Armenia Eagles"]
[BlackTeam "Saint Louis Arch Bishops"]
[WhiteFideId "13301616"]
[BlackFideId "3503240"]
[EventDate "2020.03.02"]

1. Nf3 d5 2. g3 c5 3. Bg2 e6 4. O-O Nf6 5. d3 Be7 6. Nbd2 Nc6 7. e4 O-O 8. Re1
Qc7 9. e5 Nd7 10. Qe2 b5 11. Nf1 Bb7 12. h4 Rfc8 13. Bg5 Bxg5 14. hxg5 Nd4 15.
Nxd4 cxd4 16. Rac1 Qa5 17. a3 Rc7 18. Nd2 Rac8 19. Nb3 Qb6 20. Qd2 Nb8 21. f4
Nc6 22. f5 a5 23. fxe6 fxe6 24. Bh3 Re8 25. Qe2 Rf7 26. Rf1 Rxf1+ 27. Rxf1 Qc7
28. Qf2 Bc8 29. Nxd4 Nxd4 30. Qxd4 Qxc2 31. Qa7 Rf8 32. Qe7 Rxf1+ 33. Bxf1 g6
34. Qd8+ Kg7 35. Qxa5 Qc5+ 36. Kh2 Bd7 37. Qd8 Qc6 38. Qe7+ Kg8 39. d4 Be8 40.
Qc5 Qd7 41. Bh3 Bf7 42. Qc1 Kg7 43. Qf4 Qc6 44. Qd2 Kg8 45. Bf1 Be8 46. Qc3 Qd7
47. Bh3 Bf7 48. Kg2 Qd8 49. Qc1 Kg7 50. Bg4 Qb6 51. Qd2 Qc7 52. b3 Qa7 53. Qf4
Qb6 54. a4 bxa4 55. bxa4 Qa6 56. a5 Kg8 57. Qf6 Qd3 58. Qd8+ Kg7 59. Qf6+ Kg8
60. Qf2 Qa3 61. Qd2 Kg7 62. Be2 Be8 63. a6 Bf7 64. Qf4 Qa2 65. Kf2 Kg8 66. Qf6
Qa4 67. Qd8+ Kg7 68. Qb6 Qc2 69. a7 Qf5+ 70. Ke1 1-0

[Event "PRO League KO Stage 2020"]
[Site "chess.com INT"]
[Date "2020.09.27"]
[Round "4.1"]
[Board "3"]
[White "So, Wesley"]
[Black "Martirosyan, Haik M."]
[Result "1-0"]
[WhiteTitle "GM"]
[BlackTitle "GM"]
[WhiteElo "2770"]
[BlackElo "2617"]
[WhiteTeam "Saint Louis Arch Bishops"]
[BlackTeam "Armenia Eagles"]
[WhiteFideId "5202213"]
[BlackFideId "13306553"]
[EventDate "2020.03.02"]

1. e4 e5 2. Nf3 Nc6 3. Bb5 Nf6 4. d3 Bc5 5. Bxc6 dxc6 6. Nbd2 Be6 7. O-O Nd7 8.
Nb3 Be7 9. d4 f6 10. Na5 Rb8 11. dxe5 Nxe5 12. Qxd8+ Bxd8 13. Nxe5 fxe5 14. Rd1
Be7 15. Be3 Kf7 16. b3 a6 17. Rd3 Bd6 18. Rad1 c5 19. Nc4 Bxc4 20. bxc4 Ke6 21.
h4 b5 22. Rc3 bxc4 23. Rxc4 Rb4 24. Rxb4 cxb4 25. Rd5 Ra8 26. Ra5 c6 27. Bb6 Kd7
28. Kf1 Kc8 29. Bc5 Kc7 30. Bxd6+ Kxd6 31. Ke2 h6 32. h5 g5 33. hxg6 Rg8 34.
Rxa6 Rxg6 35. g3 h5 36. a3 bxa3 37. Rxa3 h4 38. Rd3+ Ke6 39. Rc3 Kd6 40. Rd3+
Ke6 41. gxh4 Rg4 42. f3 Rxh4 43. Kd2 Rh2+ 44. Kc3 Rf2 45. Kb3 Kf6 46. Rc3 Kg5
47. Rxc6 Kf4 48. Rf6+ Ke3 49. Kc4 Rxc2+ 50. Kd5 Ra2 51. Kxe5 Ra5+ 52. Ke6 Kd4
53. Rf5 Ra6+ 54. Kf7 Rb6 55. Rd5+ Ke3 56. e5 Rb7+ 57. Kf6 Kxf3 58. e6 Ke4 59.
Ra5 Rb6 60. Kf7 Rb1 61. e7 Rf1+ 62. Ke6 1-0

[Event "PRO League KO Stage 2020"]
[Site "chess.com INT"]
[Date "2020.09.27"]
[Round "4.1"]
[Board "4"]
[White "Xiong, Jeffery"]
[Black "Maghsoodloo, Parham"]
[Result "1/2-1/2"]
[WhiteTitle "GM"]
[BlackTitle "GM"]
[WhiteElo "2709"]
[BlackElo "2676"]
[WhiteTeam "Saint Louis Arch Bishops"]
[BlackTeam "Armenia Eagles"]
[WhiteFideId "2047640"]
[BlackFideId "12539929"]
[EventDate "2020.03.02"]

1. d4 d5 2. c4 e6 3. Nf3 Nf6 4. g3 Be7 5. Bg2 O-O 6. O-O Nbd7 7. Qc2 c6 8. Rd1
b6 9. Bf4 Nh5 10. Bd2 Nhf6 11. Bf4 Nh5 12. Bd2 Nhf6 13. b3 a5 14. Bc3 Ba6 15.
Nbd2 b5 16. Ne5 Nxe5 17. dxe5 Nd7 18. cxd5 cxd5 19. Bd4 b4 20. e4 Rc8 21. Qb2
Nc5 22. exd5 exd5 23. Nf1 Ne4 24. Rac1 Rxc1 25. Rxc1 Qd7 26. Ne3 Rc8 27. Rxc8+
Bxc8 28. Qc2 1/2-1/2

[Event "PRO League KO Stage 2020"]
[Site "chess.com INT"]
[Date "2020.09.27"]
[Round "4.2"]
[Board "1"]
[White "Caruana, Fabiano"]
[Black "Petrosian, Tigran L."]
[Result "0-1"]
[WhiteTitle "GM"]
[BlackTitle "GM"]
[WhiteElo "2842"]
[BlackElo "2601"]
[WhiteTeam "Saint Louis Arch Bishops"]
[BlackTeam "Armenia Eagles"]
[WhiteFideId "2020009"]
[BlackFideId "13301616"]
[EventDate "2020.03.02"]

1. e4 c6 2. d4 d5 3. e5 Bf5 4. h4 h5 5. Bd3 Bxd3 6. Qxd3 e6 7. Bg5 Qb6 8. Nd2
Qa6 9. c4 Bb4 10. b3 Ne7 11. Nf3 Nf5 12. O-O Nd7 13. a3 Bxd2 14. Bxd2 c5 15.
Rac1 O-O 16. dxc5 Nxc5 17. Qb1 Rfd8 18. Bg5 Rd7 19. b4 Ne4 20. cxd5 Nxg5 21.
hxg5 Rxd5 22. g6 fxg6 23. Rc7 Rad8 24. Rfc1 Qe2 25. Rc8 h4 26. Qb3 Rxc8 27.
Rxc8+ Kh7 28. Rc1 Kh6 29. Re1 Qd3 30. Qb2 Qc4 31. Qb1 g5 32. Re4 Qd3 33. Qxd3
Rxd3 34. a4 Kh5 35. Kf1 g4 36. Nh2 g3 37. Nf3 Ra3 38. Rc4 Ra1+ 39. Ne1 g5 40.
Rc8 Ra2 41. Rh8+ Kg6 42. Nd3 Rd2 0-1

[Event "PRO League KO Stage 2020"]
[Site "chess.com INT"]
[Date "2020.09.27"]
[Round "4.2"]
[Board "2"]
[White "Dominguez Perez, Leinier"]
[Black "Sadhwani, Raunak"]
[Result "1/2-1/2"]
[WhiteTitle "GM"]
[BlackTitle "IM"]
[WhiteElo "2758"]
[BlackElo "2545"]
[WhiteTeam "Saint Louis Arch Bishops"]
[BlackTeam "Armenia Eagles"]
[WhiteFideId "3503240"]
[BlackFideId "35093487"]
[EventDate "2020.03.02"]

1. e4 e5 2. Nf3 Nc6 3. Bb5 Nf6 4. O-O Nxe4 5. d4 Nd6 6. Bxc6 dxc6 7. dxe5 Nf5 8.
Qxd8+ Kxd8 9. Nc3 a5 10. h3 a4 11. Rd1+ Ke8 12. Bf4 Bb4 13. Ne2 Be6 14. g4 Ne7
15. Nfd4 Bd5 16. b3 b5 17. Bg3 h5 18. Nf4 Bc3 1/2-1/2

[Event "PRO League KO Stage 2020"]
[Site "chess.com INT"]
[Date "2020.09.27"]
[Round "4.2"]
[Board "3"]
[White "Maghsoodloo, Parham"]
[Black "So, Wesley"]
[Result "1/2-1/2"]
[WhiteTitle "GM"]
[BlackTitle "GM"]
[WhiteElo "2676"]
[BlackElo "2770"]
[WhiteTeam "Armenia Eagles"]
[BlackTeam "Saint Louis Arch Bishops"]
[WhiteFideId "12539929"]
[BlackFideId "5202213"]
[EventDate "2020.03.02"]

1. d4 Nf6 2. c4 e6 3. Nf3 d5 4. Nc3 Be7 5. Bg5 h6 6. Bh4 dxc4 7. Qc2 Nd5 8. Bxe7
Qxe7 9. e4 Nxc3 10. Qxc3 b5 11. a4 Bb7 12. Nd2 a6 13. b3 O-O 14. bxc4 b4 15. Qe3
c5 16. d5 Nd7 17. Bd3 exd5 18. cxd5 f5 19. O-O Rae8 20. Bc4 Kh8 21. f3 Qd6 22.
Rae1 Re7 23. Bb3 Qg6 24. exf5 Rxe3 25. fxg6 Rd3 26. Re7 Bc8 27. Rf2 Nf6 28. Rfe2
Bf5 29. R7e5 Bxg6 30. Bc2 Rd8 31. d6 c4 32. Nxc4 b3 33. Bxd3 Bxd3 34. Nd2 Bxe2
35. Rxe2 b2 36. Nb1 Rxd6 37. Rxb2 Rd4 38. Nc3 Rc4 39. Rb3 Nd7 40. a5 Rc5 41. Ra3
Ne5 42. Ne4 Rd5 43. Ra4 Nc6 44. Rc4 Nxa5 45. Rc8+ Kh7 46. Ra8 Nb3 47. Rxa6 Nc5
48. Nc3 Rd3 49. Ra3 Rd2 50. Ra2 Rxa2 51. Nxa2 g5 52. Kf2 Kg6 53. Ke3 h5 54. Nc3
h4 55. f4 Ne6 56. fxg5 Kxg5 57. Kf3 Kf5 58. Ne2 Ng5+ 59. Ke3 Kg4 60. Nd4 Nf7 61.
Nf3 Nd6 62. Ne5+ Kf5 63. Nd3 Kg4 64. Nf2+ Kf5 65. Kf3 Nf7 66. Nd1 Ne5+ 67. Ke2
Kf4 68. Nf2 Nf7 69. Kd3 Ng5 70. Kd4 h3 71. Nd3+ Kf5 72. gxh3 Nxh3 73. Ke3 Ng5
74. Nf2 Ne6 1/2-1/2

[Event "PRO League KO Stage 2020"]
[Site "chess.com INT"]
[Date "2020.09.27"]
[Round "4.2"]
[Board "4"]
[White "Martirosyan, Haik M."]
[Black "Xiong, Jeffery"]
[Result "1/2-1/2"]
[WhiteTitle "GM"]
[BlackTitle "GM"]
[WhiteElo "2617"]
[BlackElo "2709"]
[WhiteTeam "Armenia Eagles"]
[BlackTeam "Saint Louis Arch Bishops"]
[WhiteFideId "13306553"]
[BlackFideId "2047640"]
[EventDate "2020.03.02"]

1. d4 Nf6 2. Nf3 g6 3. Nc3 d5 4. Bf4 Bg7 5. Nb5 Na6 6. e3 O-O 7. Be2 Nh5 8. Be5
f6 9. Bg3 c6 10. Nc3 Nxg3 11. hxg3 Nc7 12. Nd2 e5 13. Nb3 Qe7 14. Qd2 b6 15.
O-O-O Be6 16. f4 c5 17. Kb1 a5 18. Nc1 a4 19. a3 exd4 20. exd4 f5 21. Nb5 Ne8
22. Nd3 Nf6 23. Ne5 Rfc8 24. Qe3 Ne4 25. Bd3 Ra5 26. Bxe4 dxe4 27. Nc3 cxd4 28.
Rxd4 Bxe5 29. fxe5 Rxe5 30. Rxa4 Rec5 31. Rb4 Bf7 32. g4 Qe6 33. gxf5 gxf5 34.
Rh6 Bg6 35. g3 Kg7 36. Rh2 Bf7 37. g4 Rxc3 38. bxc3 Qa2+ 39. Kc1 Qxa3+ 40. Kd2
f4 41. Qxe4 Qxc3+ 42. Kc1 Qa3+ 43. Rb2 Qa1+ 44. Rb1 Qa3+ 45. Kd1 Rd8+ 46. Rd2
Re8 47. Qxf4 Qh3 48. Qd4+ Kg8 49. Kc1 Qa3+ 50. Kd1 Qf3+ 51. Kc1 Qa3+ 52. Kd1
Qf3+ 53. Kc1 Qa3+ 1/2-1/2

[Event "PRO League KO Stage 2020"]
[Site "chess.com INT"]
[Date "2020.09.27"]
[Round "4.3"]
[Board "1"]
[White "Martirosyan, Haik M."]
[Black "Caruana, Fabiano"]
[Result "1/2-1/2"]
[WhiteTitle "GM"]
[BlackTitle "GM"]
[WhiteElo "2617"]
[BlackElo "2842"]
[WhiteTeam "Armenia Eagles"]
[BlackTeam "Saint Louis Arch Bishops"]
[WhiteFideId "13306553"]
[BlackFideId "2020009"]
[EventDate "2020.03.02"]

1. d4 Nf6 2. c4 e6 3. Nf3 d5 4. Nc3 a6 5. c5 b6 6. cxb6 cxb6 7. Bf4 Bd6 8. e3
O-O 9. Bxd6 Qxd6 10. Bd3 Nbd7 11. O-O Bb7 12. Qe2 Rfc8 13. Rfc1 b5 14. a3 Nb6
15. Ne5 Nc4 16. f4 Qe7 17. Rc2 g6 18. Rac1 Ne8 19. Nb1 Ng7 20. Qe1 f6 21. Nf3
Nf5 22. Bxf5 exf5 23. Nbd2 Re8 24. Nb3 Qxe3+ 25. Qxe3 Rxe3 26. Nc5 Bc6 27. Kf2
Re7 28. b3 Nd6 29. Nd3 Bb7 30. Rc7 Rae8 31. Rxe7 Rxe7 32. g3 Kf7 33. Nc5 a5 34.
Nd2 Rc7 35. Ke3 a4 36. bxa4 bxa4 37. Rb1 Bc6 38. Rb6 Ke7 39. Kd3 Ne4 40. Nb1 Bd7
41. Nc3 Nxc5+ 42. dxc5 Rxc5 43. Kd4 Rc4+ 44. Kd3 Bc6 45. Ne2 Kd6 46. Nd4 Kc7 47.
Rb1 Bd7 48. Re1 Kd6 49. Nc2 Bb5 50. Kd2 Re4 51. Rb1 Re2+ 52. Kc3 Bc4 53. Rb6+
Kc7 54. Rxf6 Rxh2 55. Nd4 Rg2 56. Kb4 Rxg3 57. Kc5 Rc3 58. Rf7+ Kc8 59. Kd6 Bb3
60. Nc6 Rxc6+ 61. Kxc6 Kd8 62. Kd6 Ke8 63. Re7+ Kf8 64. Rxh7 d4 65. Ke5 d3 66.
Rd7 Bc2 67. Kf6 Ke8 68. Rd4 Bb1 69. Kxg6 Bc2 70. Kf6 Bb1 71. Ke5 Ke7 72. Rb4 Bc2
73. Rd4 Kf7 74. Rd7+ Kg6 75. Rd6+ Kh5 76. Rd4 Kg4 77. Kd5 Kf3 78. Kc4 Ke3 79.
Kc3 Ke2 80. Rd5 Ke3 81. Rxf5 Ke4 82. Rf8 Bb3 83. f5 Bc2 84. Kd2 Kf4 85. f6 Kf5
86. Ke3 Ke5 87. Kd2 Kf5 88. Kc3 Ke5 89. Rf7 Ke6 90. Rf8 Ke5 91. Kd2 Ke6 92. f7
Ke7 93. Re8+ Kxf7 94. Re4 Kf6 95. Kc3 Kf5 96. Re8 Kf4 97. Kd2 Kf3 98. Re7 Kf4
99. Re8 Kf3 100. Re7 Kf4 101. Re3 Kf5 102. Kc3 Kf4 103. Re7 Kf3 104. Kd2 1/2-1/2

[Event "PRO League KO Stage 2020"]
[Site "chess.com INT"]
[Date "2020.09.27"]
[Round "4.3"]
[Board "2"]
[White "Maghsoodloo, Parham"]
[Black "Dominguez Perez, Leinier"]
[Result "1-0"]
[WhiteTitle "GM"]
[BlackTitle "GM"]
[WhiteElo "2676"]
[BlackElo "2758"]
[WhiteTeam "Armenia Eagles"]
[BlackTeam "Saint Louis Arch Bishops"]
[WhiteFideId "12539929"]
[BlackFideId "3503240"]
[EventDate "2020.03.02"]

1. e4 e5 2. Nf3 Nc6 3. Bb5 a6 4. Ba4 Nf6 5. O-O Nxe4 6. d4 b5 7. Bb3 d5 8. dxe5
Be6 9. Nbd2 Nc5 10. c3 d4 11. Bxe6 Nxe6 12. cxd4 Ncxd4 13. a4 Bb4 14. Ne4 Qd5
15. Nxd4 Nxd4 16. Nc3 Qc4 17. axb5 Bxc3 18. bxc3 Ne2+ 19. Kh1 Nxc3 20. Qe1 Nxb5
21. f4 O-O 22. f5 Nd4 23. Bb2 Rab8 24. Bxd4 Qxd4 25. f6 Rfe8 26. Qg3 g6 27. Qg5
Qc5 28. Rac1 Qb4 29. Rxc7 Re6 30. Re7 Qc4 31. Rg1 Kh8 32. Qh6 1-0

[Event "PRO League KO Stage 2020"]
[Site "chess.com INT"]
[Date "2020.09.27"]
[Round "4.3"]
[Board "3"]
[White "So, Wesley"]
[Black "Sadhwani, Raunak"]
[Result "1-0"]
[WhiteTitle "GM"]
[BlackTitle "IM"]
[WhiteElo "2770"]
[BlackElo "2545"]
[WhiteTeam "Saint Louis Arch Bishops"]
[BlackTeam "Armenia Eagles"]
[WhiteFideId "5202213"]
[BlackFideId "35093487"]
[EventDate "2020.03.02"]

1. d4 d5 2. c4 c6 3. Nf3 Nf6 4. g3 g6 5. b3 Bg7 6. Bb2 O-O 7. Bg2 b6 8. O-O Bb7
9. Nc3 Nbd7 10. Qd3 e6 11. Rad1 Qc7 12. cxd5 exd5 13. b4 b5 14. a4 a6 15. a5
Rae8 16. Nd2 Bc8 17. Rfe1 h5 18. Qc2 Qd6 19. Ba3 Ng4 20. Nf3 f5 21. e3 Bb7 22.
Ne2 Bh6 23. Nf4 Kh7 24. Nd3 Bg7 25. Rc1 Bf6 26. h3 Nh6 27. Nde5 Nf7 28. Nxf7
Rxf7 29. h4 Rfe7 30. Re2 Bg7 31. Qd1 Kg8 32. Rec2 Kh8 33. Rc3 Bf6 34. R1c2 Kg7
35. Qc1 Rc8 36. Ne1 Ree8 37. Nd3 Kh7 38. Nf4 Qf8 39. Rxc6 Bxc6 40. Rxc6 Nb8 41.
Rc7+ Rxc7 42. Qxc7+ Bg7 43. Bxd5 Rc8 44. Qb7 Re8 45. Bf7 1-0

[Event "PRO League KO Stage 2020"]
[Site "chess.com INT"]
[Date "2020.09.27"]
[Round "4.3"]
[Board "4"]
[White "Xiong, Jeffery"]
[Black "Petrosian, Tigran L."]
[Result "1/2-1/2"]
[WhiteTitle "GM"]
[BlackTitle "GM"]
[WhiteElo "2709"]
[BlackElo "2601"]
[WhiteTeam "Saint Louis Arch Bishops"]
[BlackTeam "Armenia Eagles"]
[WhiteFideId "2047640"]
[BlackFideId "13301616"]
[EventDate "2020.03.02"]

1. d4 d6 2. e4 Nf6 3. Nc3 g6 4. Nf3 Bg7 5. Be3 c6 6. Qd2 b5 7. Bd3 Nbd7 8. h3
O-O 9. O-O e5 10. dxe5 dxe5 11. a4 b4 12. Ne2 a5 13. c3 c5 14. cxb4 cxb4 15. Ng3
Ba6 16. Rfd1 Qb8 17. Bxa6 Rxa6 18. Qd3 Rc6 19. Nd2 Rfc8 20. Nb3 Qa8 21. Qb5 Rb8
22. Qd3 Nb6 23. Bxb6 Rcxb6 24. Rac1 Bf8 25. Rc4 Rc6 26. Rdc1 Rbc8 27. Rxc6 Rxc6
28. Rxc6 Qxc6 29. Nxa5 Qc1+ 30. Nf1 Qxb2 31. Nb3 Nxe4 32. Qxe4 Qxb3 33. a5 Qa3
34. Qxe5 b3 35. Qb5 b2 36. a6 Bc5 37. Qb8+ Kg7 38. Qe5+ Kg8 39. Qb8+ Kg7 40.
Qe5+ Kf8 41. Qb8+ Ke7 42. Qe5+ Kd8 43. Qd5+ Ke7 44. Qe5+ Kf8 45. Qb8+ Kg7 1/2-1/2

[Event "PRO League KO Stage 2020"]
[Site "chess.com INT"]
[Date "2020.09.27"]
[Round "4.4"]
[Board "1"]
[White "Caruana, Fabiano"]
[Black "Maghsoodloo, Parham"]
[Result "0-1"]
[WhiteTitle "GM"]
[BlackTitle "GM"]
[WhiteElo "2842"]
[BlackElo "2676"]
[WhiteTeam "Saint Louis Arch Bishops"]
[BlackTeam "Armenia Eagles"]
[WhiteFideId "2020009"]
[BlackFideId "12539929"]
[EventDate "2020.03.02"]

1. e4 e5 2. Nf3 Nc6 3. Bb5 a6 4. Ba4 Nf6 5. O-O Be7 6. Re1 b5 7. Bb3 d6 8. c3
O-O 9. h3 Re8 10. d4 Bb7 11. Nbd2 Bf8 12. Bc2 h6 13. d5 Nb8 14. b3 c6 15. c4
Nbd7 16. Nf1 a5 17. Be3 Qb8 18. Rb1 Rc8 19. Ng3 cxd5 20. cxd5 Ba6 21. b4 axb4
22. Rxb4 Rc4 23. a3 Rxb4 24. axb4 Nb6 25. Bd3 Nc4 26. Qe2 g6 27. Ra1 Nd7 28. Nf1
Ndb6 29. N3d2 Nxe3 30. Nxe3 Na4 31. Nb3 Qb6 32. Rc1 Rc8 33. Rc2 h5 34. Na5 Bh6
35. Nc6 Kg7 36. Nf1 Rf8 37. h4 Ra8 38. g3 Rc8 39. Kg2 Rc7 40. Nh2 Rc8 41. Nf3 f6
42. Nh2 Kh7 43. Nf3 Rc7 44. Nd2 Rc8 45. Nb1 Rc7 46. Na3 Rb7 47. Na5 Rc7 48.
Rxc7+ Qxc7 49. Nxb5 Qb6 50. Na3 Bxd3 51. Qxd3 Qxb4 52. Nc6 Qe1 53. Nc2 Qc1 54.
N6b4 Nc5 55. Qe2 Bd2 56. Qf3 Kg7 57. Qe2 Bxb4 58. Nxb4 Qb1 59. Qb5 Qxe4+ 60. Kh2
Qf5 61. Kg2 g5 62. hxg5 fxg5 63. Qb8 Ne4 64. Nd3 g4 65. Qb5 Nd2 66. Kg1 h4 67.
gxh4 g3 68. Qa6 Qh3 69. Qa7+ Kf6 70. fxg3 Qf1+ 0-1

[Event "PRO League KO Stage 2020"]
[Site "chess.com INT"]
[Date "2020.09.27"]
[Round "4.4"]
[Board "2"]
[White "Dominguez Perez, Leinier"]
[Black "Martirosyan, Haik M."]
[Result "0-1"]
[WhiteTitle "GM"]
[BlackTitle "GM"]
[WhiteElo "2758"]
[BlackElo "2617"]
[WhiteTeam "Saint Louis Arch Bishops"]
[BlackTeam "Armenia Eagles"]
[WhiteFideId "3503240"]
[BlackFideId "13306553"]
[EventDate "2020.03.02"]

1. e4 e5 2. Nf3 Nc6 3. Bb5 Nf6 4. O-O Nxe4 5. d4 Nd6 6. Bxc6 dxc6 7. dxe5 Nf5 8.
Qxd8+ Kxd8 9. Rd1+ Ke8 10. Nc3 Be7 11. g4 Nh4 12. Nxh4 Bxh4 13. Kg2 Be7 14. h3
h5 15. f3 Be6 16. Be3 b6 17. Ne2 hxg4 18. hxg4 Rd8 19. Nd4 Bd7 20. Rh1 Rg8 21.
Rad1 c5 22. Nf5 f6 23. Nxe7 Kxe7 24. exf6+ Kxf6 25. Rh5 Rde8 26. Rxd7 Rxe3 27.
Rf5+ Ke6 28. Rxc7 Re2+ 29. Kg3 Rxc2 30. Rxa7 Rxb2 31. a4 g6 32. Rg5 Kf6 33. Rd5
Ke6 34. Rad7 g5 35. R7d6+ Ke7 36. Rd7+ Ke6 37. R7d6+ Ke7 38. Rh6 Rb3 39. a5 bxa5
40. Rxc5 Rf8 41. Rxg5 Rfxf3+ 42. Kg2 Rfc3 43. Re5+ Kf7 44. Re2 a4 45. Ra6 a3 46.
Kf2 Rh3 47. Kg2 Rbg3+ 48. Kf2 Rc3 49. Kg2 Rhg3+ 50. Kh2 Rxg4 51. Rf2+ Ke7 52.
Re2+ Kd7 53. Rf2 Ke7 54. Re2+ Kd7 55. Rf2 Rb4 56. Rg2 Kc7 57. Rh6 Rb2 58. Rg6
Rxg2+ 59. Kxg2 Kb7 60. Kf2 a2 61. Rg1 Kb6 62. Ke2 Kb5 63. Kd2 Kb4 64. Ra1 Rh3
65. Kc2 Rh2+ 66. Kd3 Kb3 67. Rg1 Kb2 68. Rg8 a1=Q 0-1

[Event "PRO League KO Stage 2020"]
[Site "chess.com INT"]
[Date "2020.09.27"]
[Round "4.4"]
[Board "3"]
[White "Petrosian, Tigran L."]
[Black "So, Wesley"]
[Result "1-0"]
[WhiteTitle "GM"]
[BlackTitle "GM"]
[WhiteElo "2601"]
[BlackElo "2770"]
[WhiteTeam "Armenia Eagles"]
[BlackTeam "Saint Louis Arch Bishops"]
[WhiteFideId "13301616"]
[BlackFideId "5202213"]
[EventDate "2020.03.02"]

1. Nf3 d5 2. g3 Nf6 3. Bg2 e6 4. O-O Be7 5. d3 O-O 6. Nbd2 c5 7. e4 Nc6 8. Re1
b5 9. e5 Nd7 10. Nf1 a5 11. h4 a4 12. N1h2 a3 13. b3 b4 14. Bf4 Bb7 15. Qd2 Rc8
16. h5 h6 17. Ng4 Re8 18. Rac1 Kh7 19. Bh3 Bf8 20. Ngh2 Ne7 21. g4 d4 22. g5 Nd5
23. Bg2 Qe7 24. Bg3 Qd8 25. Ng4 Nc3 26. gxh6 gxh6 27. Qf4 Re7 28. Bh4 Nxa2 29.
Ra1 Nc3 30. Nd2 Bxg2 31. Kxg2 Bg7 32. Nc4 Nd5 33. Qf3 Qf8 34. Kh1 f5 35. exf6
Bxf6 36. Nxf6+ N7xf6 37. Nd6 Rcc7 38. Ne4 Rf7 39. Nxf6+ Nxf6 40. Rxe6 Ng8 41.
Qe4+ Rf5 42. Bf6 Ne7 43. Rxe7+ Rxe7 44. Qxf5+ Kg8 45. Rg1+ 1-0

[Event "PRO League KO Stage 2020"]
[Site "chess.com INT"]
[Date "2020.09.27"]
[Round "4.4"]
[Board "4"]
[White "Sadhwani, Raunak"]
[Black "Xiong, Jeffery"]
[Result "1/2-1/2"]
[WhiteTitle "IM"]
[BlackTitle "GM"]
[WhiteElo "2545"]
[BlackElo "2709"]
[WhiteTeam "Armenia Eagles"]
[BlackTeam "Saint Louis Arch Bishops"]
[WhiteFideId "35093487"]
[BlackFideId "2047640"]
[EventDate "2020.03.02"]

1. e4 c5 2. Nf3 e6 3. d4 cxd4 4. Nxd4 Nc6 5. Nc3 a6 6. Nxc6 bxc6 7. Bd3 d5 8.
O-O Qc7 9. Qg4 Nf6 10. Qg3 Qxg3 11. hxg3 Bb7 12. Re1 Be7 13. b3 O-O 14. Bb2 Rfd8
15. a3 a5 16. Rad1 Ba6 17. Bxa6 Rxa6 18. f3 Kf8 19. g4 Nd7 20. Na4 Nb6 21. Nxb6
Rxb6 22. a4 Rbb8 23. Be5 Bd6 24. Bxd6+ Rxd6 25. Kf2 Ke7 26. Ke3 Rb4 27. exd5
cxd5 28. Rd3 Kf6 29. Kd2 Rc6 30. Rc3 Rd4+ 31. Rd3 Rb4 32. Rc3 Rxc3 33. Kxc3 e5
34. Kb2 Ke6 35. c3 Rf4 36. Ka3 Kd6 37. b4 Rc4 38. Kb3 h6 39. bxa5 Rc8 40. Re2 f6
41. a6 Kc5 42. Rb2 Ra8 43. Kc2 Rxa6 44. Rb5+ Kc4 45. Rb4+ Kc5 46. Rb5+ Kc4 47.
Rb4+ Kc5 48. Rb5+ 1/2-1/2